| 000 | 00713nam a2200241Ia 4500 | ||
|---|---|---|---|
| 005 | 20260430150257.0 | ||
| 008 | 008 250103s9999 xx 000 0 eng d | ||
| 037 | _aTheses | ||
| 040 | _aCRL | ||
| 040 | _beng | ||
| 040 | _ceng | ||
| 041 | _2eng | ||
| 041 | _aeng | ||
| 084 | _qCRL | ||
| 100 |
_aSingh Inderpal Au.; Kalsie Anjala Gu.; Tuteja S.K. Gu. _91237008 |
||
| 245 | 0 | _aAnalysis and Measurement of Synergies in Merger & Acquisition Deals : A Study of Indian Financial Corporates | |
| 260 | _c2022 | ||
| 300 | _a173 | ||
| 650 | _aManagement | ||
| 700 |
_aUniversity of Delhi. Faculty of Management Studies. Deptt. of Management Studies _91236312 |
||
| 942 | _cTH | ||
| 999 |
_c1849396 _d1849396 |
||